000 00501cam a2200205ua 4500
001 1090
005 20260515113257.0
008 110428n ii |||gr||||Z||||||eng
020 _a978-0-07-063590-6
040 _cMAIN
082 _a320.954
245 1 _aIndian polity.
_cBy M Laxmikanth.
250 _a2nd.
260 _aNew Delhi.:
_bMcgrahill.,
_c2008.
300 _axxi, 489 p.:
_c30 cm.
653 _aPolitical science.
653 _aIndian polity.
700 _aLaxmikanth, M.,
942 _cBK
999 _c1006
_d1006